000 00607cam a22002291 4500
001 sa 63001142
003 DLC
005 20260227111925.0
008 890606s1962 ii a 000 0 gujo
010 _asa 63001142
035 _a(OCoLC)19824374
040 _aDLC
_cWaU
_dDLC
042 _apremarc
050 0 0 _aPK3659
_b.S3
100 1 _aŚāstrī, Kr̥shṇaśaṅkara.
245 1 0 _aRāmāyaṇa-navanīta.
260 _c[1962]
300 _a168 p.
_billus.
_c19 cm.
500 _aIn Gujarati.
600 0 0 _aVālimikī.
_tRāmāyaṇa.
600 0 0 _aTulasīdāsa,
_d1532-1623.
_tRāmacaritamānasa.
999 _c53829
_d53829